000 00596cam a22002053a 4500
001 34877
003 PGUSA
005 20140828083743.0
008 110108s2011||||xxu|||||s|||||000 | eng d
040 _aPGUSA
_beng
042 _adc
100 1 _aHayden, Arthur
245 1 0 _aChats on Old Furniture :
_bA Practical Guide for Collectors
_h[electronic resource] /
_cArthur Hayden
260 _bProject Gutenberg,
_c2011
506 _aPublic domain in the USA.
516 _aElectronic text
830 0 _aProject Gutenberg
_v34877
856 4 0 _uhttp://www.gutenberg.org/ebooks/34877
942 _cEB
999 _c264132
_d264132